Manual de introducción a la informática jurídica / (Registro nro. 8431)
[ vista simple ]
| 000 -LEADER | |
|---|---|
| fixed length control field | 02285nam a2200265Ia 4500 |
| 003 - CONTROL NUMBER IDENTIFIER | |
| control field | OSt |
| 005 - DATE AND TIME OF LATEST TRANSACTION | |
| control field | 20210825164147.0 |
| 008 - FIXED-LENGTH DATA ELEMENTS--GENERAL INFORMATION | |
| fixed length control field | 210310s1993 ck gr 000 0 spa d |
| 020 ## - INTERNATIONAL STANDARD BOOK NUMBER | |
| International Standard Book Number | 9586161986 |
| 040 ## - CATALOGING SOURCE | |
| Original cataloging agency | CO-JMCR |
| Transcribing agency | CO-JMCR |
| 041 0# - LANGUAGE CODE | |
| Language code of text/sound track or separate title | spa |
| 082 04 - DEWEY DECIMAL CLASSIFICATION NUMBER | |
| Classification number | 340.0285 / |
| Item number | V297m |
| Edition number | 23 |
| 100 1# - MAIN ENTRY--PERSONAL NAME | |
| Personal name | Vargas Osorno, Teresa Genoveva, |
| 9 (RLIN) | 17250 |
| Relator term | autora |
| 245 10 - TITLE STATEMENT | |
| Title | Manual de introducción a la informática jurídica / |
| Statement of responsibility, etc. | Teresa Genoveva Vargas Osorno |
| 250 ## - EDITION STATEMENT | |
| Edition statement | Primera edición |
| 260 ## - PUBLICATION, DISTRIBUTION, ETC. | |
| Place of publication, distribution, etc. | Bogotá : |
| Name of publisher, distributor, etc. | Universidad Externado de Colombia, |
| Date of publication, distribution, etc. | 1993 |
| 300 ## - PHYSICAL DESCRIPTION | |
| Extent | 108 páginas ; |
| Dimensions | 21 cm. |
| 500 ## - GENERAL NOTE | |
| General note | Incluye notas a pie de página. |
| 504 ## - BIBLIOGRAPHY, ETC. NOTE | |
| Bibliography, etc. note | Bibliografía: páginas 105-108 |
| 505 0# - FORMATTED CONTENTS NOTE | |
| Formatted contents note | Información jurídica -- Introducción a la informática -- Informática jurídica |
| 520 3# - SUMMARY, ETC. | |
| Summary, etc. | Gracias al afán de conocimiento del hombre los ratas del saber lo han llevado a la creación de una gran diversidad de obras científicas doctrinales y de documentación oficial, entre otras, que generan un cúmulo de información cuya localización y búsqueda. originan grandes inconvenientes, y en la mayoría de los casos esta valiosa información desaparece sin haber; sido utilizada debidamente.<br/>Es tal vez en el campo del derecho donde se produce con mayor intensidad esta crisis, este fenómeno de incremento de documentación, pues día tras día, tanto a nivel legislativo como jurisprudencial y doctrinal, se crean nuevas obras que hacen imposible que los juristas magistrados, jueces y funcionarios, etc. puedan cumplir cabalmente con sus funciones, ya que se ven abocados a una falta de tiempo para consultar lo que a diario se produce.<br/>No nos queda la menor duda de que cuando la legislación, jurisprudencia y doctrina estén perfectamente ordenadas, debidamente clasificadas de fácil acceso, de consulta rápida e integra, los problemas de esta índole disminuirán. surgiendo como solución eficaz, segura y confiable la Informática Jurídica, que utiliza los avances de la tecnología, haciendo de la computadora una herramienta más del derecho y solucionando problemas de tratamiento de la información |
| 650 14 - SUBJECT ADDED ENTRY--TOPICAL TERM | |
| Topical term or geographic name entry element | Sistemas de almacenamiento y recuperación de la información |
| 9 (RLIN) | 17252 |
| 650 24 - SUBJECT ADDED ENTRY--TOPICAL TERM | |
| Topical term or geographic name entry element | Derecho |
| General subdivision | Servicios de información |
| 9 (RLIN) | 39711 |
| 942 ## - ADDED ENTRY ELEMENTS (KOHA) | |
| Source of classification or shelving scheme | Dewey Decimal Classification |
| Koha item type | Books |
| Withdrawn status | Lost status | Source of classification or shelving scheme | Damaged status | Not for loan | Collection code | Home library | Current library | Date acquired | Source of acquisition | Full call number | Barcode | Date last seen | Copy number | Koha item type |
|---|---|---|---|---|---|---|---|---|---|---|---|---|---|---|
| Dewey Decimal Classification | Non-fiction | Biblioteca Pública José María del Castillo y Rada | Biblioteca Pública José María del Castillo y Rada | 04/15/2018 | Donación | 340.0285 / V297m | 430006389 | 05/16/2024 | Ej.1 | Books |